Normal view
MARC view
- الأردن . المجلس الأعلى للسكان
Entry Personal Name
001 - CONTROL NUMBER
- control field: 46104
003 - CONTROL NUMBER IDENTIFIER
- control field: JO-AjAnu
005 - DATE AND TIME OF LATEST TRANSACTION
- control field: 20230606081624.0
008 - FIXED-LENGTH DATA ELEMENTS
- fixed length control field: 230606|| aca||aabn | a|a d
040 ## - CATALOGING SOURCE
- Original cataloging agency: JO-AjAnu
- Transcribing agency: JO-AjAnu
100 ## - HEADING--PERSONAL NAME
- Personal name: الأردن . المجلس الأعلى للسكان
670 ## - SOURCE DATA FOUND
- Source citation: Work cat.: (JO-AjAnu)23601: الأردن . المجلس الأعلى للسكان, author, الفرصة السكانية في الأردن : وثيقة سياسات